01414nam a2200241Ia 4500008004100000020001800041040000800059050002400067245014700091250001800238260004600256300002300302500004600325500012500371504003300496505042200529650003300951650003900984700003401023700003501057700003901092700004101131121028s2009 mx a f 000 0 spa d a9789701514573 aRDA aQA76.9C65bS55 2009 aSimulaciónb: métodos y aplicacionesc/ David Ríos Insúa; Sixto Ríos Insúa; Jacinto Martín Jiménez, Antonio Jiménez Martín a2a. edición aMéxicob : Alfaomegab : Ra-Mac , 2009 axv : 388 páginas aPaln Flexible / Informatica / / 14 003372 aIncluye: Índice de contenido Prólogo Ejercicios al final de cada capítulo Índice de autores Índice analítico aBibliografía (pp. 351-370) aConceptos básicos Números aleatorios Generación de variables aleatorias Generación de variables aleatorias con cadenas de markov Simulación de sucesos discretos Simulación y optimización Otras aplicaciones Análisis de resultados Técnicas de reducción de la varianza Planificación de experimentos Simulación de una línea de flujo de trabajo Probabilidades y estadística: conceptos básicos10aSIMULACIÓN POR COMPUTADORA20a SISTEMAS EXPERTOS (COMPUTACIÓN)10aRíos Insúa, Davidbcoator20aRíos Insúa, Sixtobcoautor 0aMartín Jiménez, Jacintoeautor40aJiménez Martín, Antoniobcoautor